000 00718nam a22002175i 4500
001 172098
003 ES-MaACL
005 20230906214821.0
008 090615s1964 sp |||| | spa d
080 _a621.365.5
100 1 _aSobotka, H.
_9140680
245 1 0 _aEquipos industriales para calentamiento por A. F. /
_cH. Sobotka ; [traducido por Francisco Sauca Marcial].
260 _a[Zaragoza :
_bs.n.],
_c1964.
300 _a123 p. :
_bil. ;
_c21 cm.
490 1 _aBiblioteca Técnica Philips
650 1 4 _aCalefacción eléctrica.
_9140681
700 1 _aSaúca Marcial, Francisco.
_9103955
830 0 _aBiblioteca Técnica Philips
_9181540
852 _aES-MaACL
_jC-26297
_9R.55020
999 _c172098
_d172098